Photoshop 7 : down & dirty tricks
| Main Author: | |
|---|---|
| Format: | Book |
| Published: |
Indiaapolis , IN, USA :
New Riders ,
2002
|
| Subjects: |
MARC
| LEADER | 00000cam a2200000 7i4500 | ||
|---|---|---|---|
| 001 | 0000003073 | ||
| 005 | 20040513.0 | ||
| 020 | 0 | 0 | |a 0735712379 |
| 090 | 0 | 0 | |a 006.6869 |b KEL 2002 |
| 100 | 1 | 0 | |a KELBY |h Scott |
| 245 | 1 | 0 | |a Photoshop 7 : |b down & dirty tricks |c Scott Kelby |
| 260 | 0 | 0 | |a Indiaapolis , IN, USA : |b New Riders , |c 2002 |
| 300 | |a xi, 272 p. : |b col. ill. ; |c 26 cm. | ||
| 500 | 0 | 0 | |a Includes index |
| 650 | 0 | 0 | |a Adobe Photoshop |
| 650 | 0 | 0 | |a Computer graphics |
| 998 | |a JPSM | ||
| 999 | |a 0000005410 |b Monograph |c Open Shelf |e Default branch | ||